Badly described Disney movies - Statistics

General Stats
  • This quiz has been taken 6,324 times
  • The average score is 10 of 12
Answer Stats
Hint Answer % Correct
Fat fairy thing shows up to grant Miss Cinders a wish Cinderella
96%
Kisses a frog and finds something less horrendous (sorry frogs) The Princess and the Frog
94%
Some blue fish with a really bad memory Finding Dory
92%
Lock a teen in a tower to stay young... what could go wrong? Tangled
92%
Who knew The Rock could sing? Moana
91%
Girl gets sketchy person to do a spell on her to give her legs The little Mermaid
90%
Shows Girl Power by joining the army Mulan
85%
Big white blobby robot saves the world Big hero 6
84%
A jealous stepmom wants to kill her stepdaughter Snow White and the Seven Dwarfs
73%
Big guy breaks the internet Ralph Breaks the Internet
63%
A talking doll Pinocchio
54%
How is this Girl's hair always flowing? Pocahontas
50%
No matching quizzes found
Score Distribution
Percent of People with Each Score
Percentile by Number Answered
Your Score History
You have not taken this quiz